[Event "Trumpeter Classic"]
[Site "Edmonton CAN"]
[Date "2003.01.18"]
[Round "1"]
[White "Ottosen, David"]
[Black "Johnson, Dean"]
[Result "1-0"]
[WhiteElo "2035"]
[BlackElo "1600"]
[PlyCount "75"]
[EventDate "2003.01.18"]
[EventType "swiss"]
[EventRounds "5"]
[EventCountry "CAN"]

1. d4 Nf6 2. Bg5 e6 3. e4 Be7 4. Bd3 d5 5. e5 Nfd7 6. Be3 c5 7. c3 Qb6 8. Qg4
g6 9. Qe2 Nc6 10. Qd2 cxd4 11. cxd4 f6 12. Nf3 fxe5 13. dxe5 Qc7 14. O-O Ncxe5
15. Nxe5 Nxe5 16. Bb5+ Nc6 17. Bh6 Bd7 18. Nc3 O-O-O 19. Rac1 Kb8 20. Be2 Bd6
21. Nb5 Bxh2+ 22. Kh1 Qa5 23. Qxa5 Nxa5 24. Kxh2 Nc4 25. Bxc4 dxc4 26. Bf4+ Ka8
27. Nc7+ Kb8 28. Nxe6+ Kc8 29. Rxc4+ Bc6 30. Nxd8 Rxd8 31. b4 Rd5 32. Rc5 Rd4
33. b5 Rxf4 34. bxc6 bxc6 35. Rxc6+ Kb7 36. Re6 Rf7 37. f3 Rd7 38. a4 1-0

[Event "Trumpeter Classic"]
[Site "Edmonton CAN"]
[Date "2003.01.18"]
[Round "2"]
[White "Stutzman, Larry"]
[Black "Ottosen, David"]
[Result "0-1"]
[WhiteElo "1850"]
[BlackElo "2035"]
[PlyCount "64"]
[EventDate "2003.01.18"]
[EventType "swiss"]
[EventRounds "5"]
[EventCountry "CAN"]

1. c4 b6 2. Nc3 Bb7 3. Nf3 e6 4. e3 f5 5. b3 Nf6 6. Bb2 Be7 7. Be2 O-O 8. Qc2
a6 9. O-O-O Nc6 10. Rhg1 d5 11. h3 Ne4 12. Nxe4 fxe4 13. cxd5 exd5 14. Ne5 Nb4
15. Qb1 Rxf2 16. Bg4 Bc8 17. a3 Bxg4 18. hxg4 Bf6 19. axb4 Qd6 20. Nd3 exd3 21.
Bxf6 Qxf6 22. Qxd3 Qc6+ 23. Kb1 Qg6 24. Qxg6 hxg6 25. Kc2 d4 26. Kd3 Rd8 27. g3
dxe3+ 28. Kxe3 Rf7 29. d4 Re8+ 30. Kd3 Rf3+ 31. Kc4 Rd8 32. Rde1 b5+ 0-1

[Event "Trumpeter Classic"]
[Site "Edmonton CAN"]
[Date "2003.01.18"]
[Round "3"]
[White "Ottosen, David"]
[Black "Yearwood, Roy"]
[Result "1-0"]
[WhiteElo "2035"]
[BlackElo "2090"]
[PlyCount "29"]
[EventDate "2003.01.18"]
[EventType "swiss"]
[EventRounds "5"]
[EventCountry "CAN"]

1. e4 e6 2. d4 d5 3. Nc3 Bb4 4. e5 c5 5. a3 Bxc3+ 6. bxc3 Ne7 7. Qg4 O-O 8. Bg5
Qc7 9. Bd3 Nbc6 10. Ne2 Nf5 11. Bf6 Kh8 12. Bxf5 gxf6 13. Bxh7 Kxh7 14. exf6
Kh6 15. Nf4 1-0

[Event "Trumpeter Classic"]
[Site "Edmonton CAN"]
[Date "2003.01.19"]
[Round "4"]
[White "Gardner, Robert"]
[Black "Ottosen, David"]
[Result "1-0"]
[WhiteElo "2250"]
[BlackElo "2035"]
[PlyCount "39"]
[EventDate "2003.01.18"]
[EventType "swiss"]
[EventRounds "5"]
[EventCountry "CAN"]

1. e4 e6 2. d4 d5 3. Nd2 dxe4 4. Nxe4 Bd7 5. Nf3 Bc6 6. Bd3 Nd7 7. c3 Ngf6 8.
Ng3 Be7 9. Qe2 O-O 10. O-O b6 11. Re1 Bb7 12. Ng5 c5 13. Nxe6 fxe6 14. Qxe6+
Kh8 15. Qxe7 Re8 16. Qxd8 Raxd8 17. Rxe8+ Rxe8 18. Be3 Nd5 19. Bb5 Re7 20. Nf5
1-0

[Event "Trumpeter Classic"]
[Site "Edmonton CAN"]
[Date "2003.01.19"]
[Round "5"]
[White "Quiring, John"]
[Black "Ottosen, David"]
[Result "1-0"]
[WhiteElo "1950"]
[BlackElo "2035"]
[PlyCount "81"]
[EventDate "2003.01.18"]
[EventType "swiss"]
[EventRounds "5"]
[EventCountry "CAN"]

1. e4 e6 2. d4 d5 3. exd5 exd5 4. Nf3 Bf5 5. Be2 Nc6 6. O-O Qd7 7. c3 O-O-O 8.
b4 f6 9. a4 g5 10. a5 h5 11. b5 Nb8 12. Qb3 Re8 13. Ra2 Rxe2 14. Rxe2 Bd3 15.
Rfe1 Bxe2 16. Rxe2 Bd6 17. Ba3 Bxa3 18. Qxa3 Nh6 19. Qc5 Nf5 20. b6 axb6 21.
axb6 Na6 22. Qa5 g4 23. Nfd2 c6 24. Nb3 Re8 25. Qa2 Rxe2 26. Qxe2 Nd6 27. N1d2
Qe8 28. Kf1 Kd7 29. Qd3 Ne4 30. f3 Nxd2+ 31. Nxd2 gxf3 32. Qxf3 Qg6 33. Ke2 Qg5
34. Nb3 c5 35. dxc5 Qe5+ 36. Kd3 Kc6 37. Qf2 Qe4+ 38. Kd2 Qe7 39. Nd4+ Kd7 40.
Qf5+ Ke8 41. Qxh5+ 1-0

[Event "Used to be U of A op"]
[Site "Edmonton CAN"]
[Date "2003.05.10"]
[Round "1"]
[White "Hughey, Micah"]
[Black "Kazakevich, Alexander"]
[Result "1-0"]
[WhiteElo "2133"]
[BlackElo "1662"]
[PlyCount "99"]
[EventDate "2003.05.10"]
[EventType "swiss"]
[EventRounds "5"]
[EventCountry "CAN"]

1. d4 d5 2. Nf3 Nf6 3. e3 e6 4. Bd3 c5 5. c3 c4 6. Bc2 b5 7. Nbd2 b4 8. O-O Qa5
9. cxb4 Bxb4 10. e4 dxe4 11. Nxe4 Nbd7 12. Bf4 Bb7 13. Nd6+ Bxd6 14. Bxd6 Qd5
15. Ba3 g5 16. Qd2 g4 17. Nh4 Qh5 18. Qb4 O-O-O 19. Qxc4+ Kb8 20. Bd6+ Ka8 21.
Bg3 Nb6 22. Qe2 Rhg8 23. Rfd1 Rg5 24. Rac1 Nfd5 25. Bd3 f5 26. f4 gxf3 27. Nxf3
Rg6 28. Ne5 Qxe2 29. Bxe2 Rg7 30. Nc6 Rdg8 31. Bf3 f4 32. Bf2 Ne3 33. Bxe3 fxe3
34. Re1 Rg5 35. Rxe3 Nd5 36. Bxd5 Rxd5 37. Ne7 Rxg2+ 38. Kxg2 Rc5+ 39. Kf2 Rxc1
40. Rxe6 Rd1 41. Nf5 Bd5 42. Re8+ Kb7 43. Ne3 Rxd4 44. Re7+ Kc6 45. Nxd5 Rxd5
46. Rxh7 Kb6 47. Ke2 a5 48. b3 Kb5 49. Rh4 Rc5 50. Rc4 1-0

[Event "Used to be U of A op"]
[Site "Edmonton CAN"]
[Date "2003.05.10"]
[Round "1"]
[White "Kazakevich, Anastasia"]
[Black "Gardner, Robert"]
[Result "0-1"]
[WhiteElo "1762"]
[BlackElo "2254"]
[PlyCount "66"]
[EventDate "2003.05.10"]
[EventType "swiss"]
[EventRounds "5"]
[EventCountry "CAN"]

1. d4 Nf6 2. c4 c5 3. d5 b5 4. cxb5 a6 5. b6 d6 6. Nc3 Nbd7 7. e4 g6 8. Nf3 Bg7
9. Be2 O-O 10. O-O Qxb6 11. Qc2 Rb8 12. Rb1 Ng4 13. h3 Nge5 14. Be3 a5 15. Nxe5
Nxe5 16. Qd2 Ba6 17. Bxa6 Qxa6 18. b3 Qd3 19. Rfd1 Qxc3 20. Qxc3 Nf3+ 21. gxf3
Bxc3 22. Bd2 Bxd2 23. Rxd2 Rb4 24. Rc1 Rfb8 25. Rc3 a4 26. Rdd3 Kg7 27. Kf1 f5
28. Re3 f4 29. Red3 Kf6 30. Ke2 axb3 31. Rxb3 c4 32. Rxb4 cxd3+ 33. Kxd3 Rxb4
0-1

[Event "Used to be U of A op"]
[Site "Edmonton CAN"]
[Date "2003.05.10"]
[Round "1"]
[White "Reeve, Jeff"]
[Black "Stark, Mark"]
[Result "1-0"]
[WhiteElo "2379"]
[BlackElo "1786"]
[PlyCount "55"]
[EventDate "2003.05.10"]
[EventType "swiss"]
[EventRounds "5"]
[EventCountry "CAN"]

1. e4 c5 2. Nf3 e6 3. d4 cxd4 4. Nxd4 a6 5. Bd3 Bc5 6. Nb3 Ba7 7. Nc3 Nc6 8.
Qe2 d6 9. Be3 Bxe3 10. Qxe3 Nf6 11. O-O-O O-O 12. f4 Qc7 13. Rhg1 b6 14. g4 g6
15. g5 Nh5 16. f5 Ne5 17. Be2 Ng7 18. f6 Ne8 19. h4 b5 20. h5 b4 21. Nb1 a5 22.
Rh1 a4 23. Nd4 Bd7 24. hxg6 fxg6 25. Rxh7 Kxh7 26. Rh1+ Kg8 27. Qh3 Kf7 28.
Qh7+ 1-0

[Event "Used to be U of A op"]
[Site "Edmonton CAN"]
[Date "2003.05.10"]
[Round "1"]
[White "Rekhson, Vladislav"]
[Black "Fokkema, Jerred"]
[Result "1-0"]
[WhiteElo "1863"]
[BlackElo "1334"]
[PlyCount "45"]
[EventDate "2003.05.10"]
[EventType "swiss"]
[EventRounds "5"]
[EventCountry "CAN"]

1. e4 e5 2. Nf3 Nc6 3. c3 Nf6 4. d4 exd4 5. e5 Ng8 6. cxd4 Bb4+ 7. Nc3 Nge7 8.
a3 Bxc3+ 9. bxc3 d6 10. exd6 Qxd6 11. Bd3 O-O 12. Qc2 h6 13. O-O Bg4 14. Nd2
Qd7 15. Ne4 Bh5 16. Re1 Bg6 17. Re3 b6 18. Rh3 Bf5 19. Rf3 Bg6 20. Rg3 Nf5 21.
Nf6+ gxf6 22. Bxf5 Qe8 23. Bxh6 1-0

[Event "Used to be U of A op"]
[Site "Edmonton CAN"]
[Date "2003.05.10"]
[Round "2"]
[White "Gardner, Robert"]
[Black "Rekhson, Vladislav"]
[Result "1-0"]
[WhiteElo "2254"]
[BlackElo "1863"]
[PlyCount "69"]
[EventDate "2003.05.10"]
[EventType "swiss"]
[EventRounds "5"]
[EventCountry "CAN"]

1. d4 Nf6 2. c4 c5 3. d5 b5 4. f3 d6 5. e4 g6 6. cxb5 a6 7. Nc3 Bg7 8. Bf4 O-O
9. bxa6 Bxa6 10. Bxa6 Nxa6 11. Nge2 Qb6 12. Qd2 Rfb8 13. b3 Nd7 14. O-O Nc7 15.
Rac1 Nb5 16. Nxb5 Qxb5 17. Bg5 Kf8 18. Bh6 Ne5 19. Bxg7+ Kxg7 20. f4 Nd3 21.
Rc4 Nb4 22. a4 Qa5 23. Rf3 Kg8 24. f5 Nc6 25. Rcc3 Ne5 26. Rh3 h5 27. Qg5 Rxb3
28. fxg6 Rxc3 29. gxf7+ Kxf7 30. Qxh5+ Ng6 31. Qh7+ Kf6 32. Nxc3 Rb8 33. Rf3+
Nf4 34. Rxf4+ Ke5 35. Qg7+ 1-0

[Event "Used to be U of A op"]
[Site "Edmonton CAN"]
[Date "2003.05.10"]
[Round "2"]
[White "Hamblin, Jim"]
[Black "Regimbald, Adrien"]
[Result "0-1"]
[WhiteElo "1674"]
[BlackElo "1828"]
[PlyCount "26"]
[EventDate "2003.05.10"]
[EventType "swiss"]
[EventRounds "5"]
[EventCountry "CAN"]

1. e4 e6 2. d4 d5 3. Nc3 Bb4 4. e5 c5 5. a3 Bxc3+ 6. bxc3 Ne7 7. Qg4 Qc7 8.
Qxg7 Rg8 9. Qxh7 cxd4 10. Nf3 Qxc3+ 11. Ke2 Qxa1 12. Ng5 Qxc1 13. Qxf7+ Kd8 0-1

[Event "Used to be U of A op"]
[Site "Edmonton CAN"]
[Date "2003.05.10"]
[Round "2"]
[White "Hinds, Ronald"]
[Black "Reeve, Jeff"]
[Result "0-1"]
[WhiteElo "2027"]
[BlackElo "2379"]
[PlyCount "62"]
[EventDate "2003.05.10"]
[EventType "swiss"]
[EventRounds "5"]
[EventCountry "CAN"]

1. e4 c5 2. Nf3 d6 3. d4 cxd4 4. Nxd4 Nf6 5. Nc3 Nc6 6. Bc4 e6 7. Be3 Be7 8.
Qe2 a6 9. Bb3 O-O 10. O-O-O Qe8 11. Rhg1 Nd7 12. g4 Nc5 13. Kb1 Nxb3 14. axb3
b5 15. g5 Bd7 16. Qh5 Nxd4 17. Bxd4 f5 18. g6 h6 19. e5 d5 20. Ne2 f4 21. Qg4
f3 22. Nf4 Bg5 23. Be3 Qe7 24. Rh1 Bxf4 25. Bxf4 Qb4 26. c4 bxc4 27. Bd2 Qxb3
28. Bc3 Rab8 29. Kc1 Ba4 30. Kd2 Qc2+ 31. Ke3 Qe2+ 0-1

[Event "Used to be U of A op"]
[Site "Edmonton CAN"]
[Date "2003.05.10"]
[Round "2"]
[White "Kazakevich, Anastasia"]
[Black "Fokkema, Jerred"]
[Result "1-0"]
[WhiteElo "1762"]
[BlackElo "1334"]
[PlyCount "45"]
[EventDate "2003.05.10"]
[EventType "swiss"]
[EventRounds "5"]
[EventCountry "CAN"]

1. d4 d5 2. c4 dxc4 3. Nc3 e6 4. e3 c5 5. Bxc4 Nc6 6. Nf3 Nf6 7. O-O Be7 8. a3
O-O 9. Bd3 Kh8 10. dxc5 Bxc5 11. Qc2 Be7 12. Rd1 Qc7 13. b3 Bd7 14. Bb2 Rac8
15. Rac1 a6 16. Ne4 Nxe4 17. Bxe4 h6 18. Qd2 Rfd8 19. Bb1 Be8 20. Qc3 Rxd1+ 21.
Rxd1 Bf6 22. Qc2 Bxb2 23. Qh7# 1-0

[Event "Used to be U of A op"]
[Site "Edmonton CAN"]
[Date "2003.05.10"]
[Round "2"]
[White "McIntosh, Danny"]
[Black "Hughey, Micah"]
[Result "1/2-1/2"]
[WhiteElo "1830"]
[BlackElo "2133"]
[PlyCount "83"]
[EventDate "2003.05.10"]
[EventType "swiss"]
[EventRounds "5"]
[EventCountry "CAN"]

1. e4 Nf6 2. e5 Nd5 3. d4 d6 4. Nf3 g6 5. Bc4 c6 6. O-O Bg7 7. Re1 O-O 8. Nbd2
Bf5 9. Nh4 Be6 10. Bxd5 cxd5 11. f4 Nc6 12. Nb3 Qc7 13. Qe2 Rac8 14. Bd2 g5 15.
f5 gxh4 16. fxe6 dxe5 17. Qg4 f5 18. Qxh4 Nxd4 19. Nxd4 exd4 20. Bf4 Qd8 21.
Rad1 Bf6 22. Qf2 Rc6 23. Bh6 Re8 24. Qxf5 Kh8 25. Rd3 Rg8 26. Rh3 Rg6 27. Bg5
Qg8 28. Bxf6+ Rxf6 29. Qd3 Rcxe6 30. Rxe6 Rxe6 31. Qxd4+ Qg7 32. Qxd5 Rd6 33.
Qb3 Rd1+ 34. Kf2 Qd4+ 35. Re3 Rd2+ 36. Kf1 Rd1+ 37. Kf2 Qf4+ 38. Rf3 Qd2+ 39.
Kg3 Qg5+ 40. Kh3 Qh5+ 41. Kg3 Qg5+ 42. Kh3 1/2-1/2

[Event "Used to be U of A op"]
[Site "Edmonton CAN"]
[Date "2003.05.10"]
[Round "3"]
[White "Hughey, Micah"]
[Black "Regimbald, Adrien"]
[Result "1-0"]
[WhiteElo "2133"]
[BlackElo "1828"]
[PlyCount "63"]
[EventDate "2003.05.10"]
[EventType "swiss"]
[EventRounds "5"]
[EventCountry "CAN"]

1. Nf3 Nf6 2. d4 c5 3. c3 g6 4. dxc5 Bg7 5. b4 O-O 6. Bb2 b6 7. cxb6 Qxb6 8. e3
Bb7 9. Be2 Nc6 10. a3 Rac8 11. c4 Na5 12. c5 Rxc5 13. Bd4 Ne4 14. bxc5 Nxc5 15.
Bxg7 Kxg7 16. Qd4+ Kg8 17. Qb4 Bxf3 18. Qxb6 axb6 19. gxf3 Rc8 20. Nd2 d5 21.
O-O h5 22. Rab1 Na4 23. Rfc1 Rc5 24. Rxc5 bxc5 25. Rb8+ Kg7 26. Ra8 Nc3 27.
Rxa5 Nxe2+ 28. Kf1 c4 29. Kxe2 e6 30. Nxc4 dxc4 31. Rc5 c3 32. Rxc3 1-0

[Event "Used to be U of A op"]
[Site "Edmonton CAN"]
[Date "2003.05.10"]
[Round "3"]
[White "McIntosh, Danny"]
[Black "Hinds, Ronald"]
[Result "1/2-1/2"]
[WhiteElo "1830"]
[BlackElo "2027"]
[PlyCount "73"]
[EventDate "2003.05.10"]
[EventType "swiss"]
[EventRounds "5"]
[EventCountry "CAN"]

1. e4 c5 2. Nf3 e6 3. d4 cxd4 4. Nxd4 Nf6 5. Nc3 d6 6. Be2 Nc6 7. Be3 Be7 8.
O-O O-O 9. f4 e5 10. Nxc6 bxc6 11. fxe5 dxe5 12. Qe1 Qc7 13. Qg3 Kh8 14. Rf2
Be6 15. Raf1 Rab8 16. b3 Qa5 17. Bg5 Ng8 18. Bxe7 Nxe7 19. Na4 Ng6 20. Bg4 Bxg4
21. Qxg4 f6 22. Qh5 Qb4 23. Qf5 Rbd8 24. c3 Qd6 25. Qg4 Nf4 26. Rf3 Qd2 27. Nc5
Rg8 28. Ne6 Nxe6 29. Qxe6 Rd6 30. Qe7 Rd7 31. Qc5 Qxa2 32. Qxc6 Rd2 33. Rg3
Qxb3 34. Rxf6 Rd1+ 35. Rf1 Rxf1+ 36. Kxf1 Qd1+ 37. Kf2 1/2-1/2

[Event "Used to be U of A op"]
[Site "Edmonton CAN"]
[Date "2003.05.10"]
[Round "3"]
[White "Reeve, Jeff"]
[Black "Gardner, Robert"]
[Result "0-1"]
[WhiteElo "2379"]
[BlackElo "2254"]
[PlyCount "86"]
[EventDate "2003.05.10"]
[EventType "swiss"]
[EventRounds "5"]
[EventCountry "CAN"]

1. d4 f5 2. g3 g6 3. Bg2 Bg7 4. Nf3 Nf6 5. O-O O-O 6. b3 d5 7. c4 c6 8. Bf4
Nbd7 9. Ne5 Ne4 10. f3 Bxe5 11. dxe5 Qb6+ 12. Kh1 Nf2+ 13. Rxf2 Qxf2 14. cxd5
Nb6 15. Nc3 Qc5 16. Rc1 Nxd5 17. Nxd5 Qxd5 18. Qc2 Rd8 19. h4 Be6 20. Kh2 Rd7
21. h5 Kf7 22. e4 Qd4 23. Qe2 Rg8 24. Re1 fxe4 25. fxe4 Ke8 26. Rf1 g5 27. Bc1
h6 28. Rf2 Qd1 29. Qxd1 Rxd1 30. Be3 Bg4 31. Bxa7 Rf8 32. Rc2 Bxh5 33. a4 Bf3
34. a5 Rb1 35. a6 Rxb3 36. e6 Bxg2 37. Kxg2 Kd8 38. axb7 Rxb7 39. Bd4 Rb4 40.
Bc3 Rb5 41. Bg7 Rg8 42. Bxh6 Rg6 43. Bf8 Rxe6 0-1

[Event "Used to be U of A op"]
[Site "Edmonton CAN"]
[Date "2003.05.10"]
[Round "3"]
[White "Rekhson, Vladislav"]
[Black "Stark, Mark"]
[Result "1-0"]
[WhiteElo "1863"]
[BlackElo "1786"]
[PlyCount "37"]
[EventDate "2003.05.10"]
[EventType "swiss"]
[EventRounds "5"]
[EventCountry "CAN"]

1. e4 c5 2. Nf3 e6 3. d4 cxd4 4. Nxd4 a6 5. Be2 Nf6 6. Nc3 Qc7 7. O-O Bb4 8.
Qd3 Bxc3 9. bxc3 d6 10. Ba3 Nbd7 11. Qg3 Nxe4 12. Qxg7 Rf8 13. Bh5 Ndc5 14.
Rfe1 Qe7 15. Qxh7 Nf6 16. Qh6 Nxh5 17. Nf5 Qc7 18. Qxh5 Bd7 19. Nxd6+ 1-0

[Event "Used to be U of A op"]
[Site "Edmonton CAN"]
[Date "2003.05.11"]
[Round "4"]
[White "Gardner, Robert"]
[Black "Hughey, Micah"]
[Result "1-0"]
[WhiteElo "2254"]
[BlackElo "2133"]
[PlyCount "77"]
[EventDate "2003.05.10"]
[EventType "swiss"]
[EventRounds "5"]
[EventCountry "CAN"]

1. g3 d5 2. Bg2 c6 3. d4 Nf6 4. Nf3 Bf5 5. O-O h6 6. b3 e6 7. c4 Nbd7 8. Nc3
Bd6 9. Bb2 O-O 10. Nd2 Qe7 11. a3 Rad8 12. Re1 e5 13. dxe5 Bxe5 14. cxd5 cxd5
15. Nf3 Be4 16. Nxe5 Nxe5 17. Nb5 Bxg2 18. Kxg2 a6 19. Nd4 Rc8 20. Rc1 Nc6 21.
Nxc6 bxc6 22. b4 Ne4 23. Qd4 f6 24. Qb6 Nd6 25. Bd4 Nc4 26. Rxc4 dxc4 27. Bc5
Qe4+ 28. f3 Qc2 29. Bxf8 Rxf8 30. Qe3 Rd8 31. Rc1 Qb3 32. Rc3 Qd1 33. Rxc4 Rd2
34. Re4 Kh7 35. Re8 f5 36. Qe6 Qc2 37. Qg8+ Kg6 38. Re6+ Kh5 39. Qf7+ 1-0

[Event "Used to be U of A op"]
[Site "Edmonton CAN"]
[Date "2003.05.11"]
[Round "4"]
[White "Hamblin, Jim"]
[Black "Kazakevich, Anastasia"]
[Result "0-1"]
[WhiteElo "1674"]
[BlackElo "1762"]
[PlyCount "66"]
[EventDate "2003.05.10"]
[EventType "swiss"]
[EventRounds "5"]
[EventCountry "CAN"]

1. e4 c6 2. d4 d5 3. exd5 cxd5 4. Bd3 Nf6 5. c3 e6 6. Bf4 Bd6 7. Bxd6 Qxd6 8.
Nf3 O-O 9. Ne5 Nbd7 10. f4 b6 11. Nd2 Bb7 12. Qe2 a5 13. a4 Nb8 14. g4 Ba6 15.
Bxa6 Nxa6 16. g5 Nd7 17. Qg2 f6 18. Nd3 fxg5 19. Qxg5 Rf5 20. Qg3 Raf8 21. h4
Qe7 22. h5 Nf6 23. h6 g6 24. Ne5 Qe8 25. O-O-O Nh5 26. Rxh5 Rxh5 27. Rg1 Rhf5
28. Nxg6 hxg6 29. Nf3 Rxf4 30. Ne5 Rf1+ 31. Rxf1 Rxf1+ 32. Kc2 Qxa4+ 33. Kd2
Qd1+ 0-1

[Event "Used to be U of A op"]
[Site "Edmonton CAN"]
[Date "2003.05.11"]
[Round "4"]
[White "Reeve, Jeff"]
[Black "McIntosh, Danny"]
[Result "1-0"]
[WhiteElo "2379"]
[BlackElo "1830"]
[PlyCount "77"]
[EventDate "2003.05.10"]
[EventType "swiss"]
[EventRounds "5"]
[EventCountry "CAN"]

1. e4 c5 2. Nf3 Nc6 3. d4 cxd4 4. Nxd4 g6 5. c4 Bg7 6. Be3 d6 7. Nc3 Nf6 8. Be2
Bd7 9. O-O Nxd4 10. Bxd4 a6 11. Nd5 O-O 12. Bb6 Qe8 13. Nc7 Qc8 14. Nxa8 Qxa8
15. f3 Be6 16. Bd4 Rc8 17. b3 Bf8 18. Bd3 Qb8 19. f4 Bg4 20. Qe1 e5 21. Bb2 Nd7
22. f5 Nc5 23. Bc2 b5 24. h3 Bxh3 25. gxh3 bxc4 26. fxg6 hxg6 27. b4 Nd3 28.
Bxd3 cxd3 29. Rc1 Rxc1 30. Bxc1 Qb7 31. Bd2 d5 32. exd5 Qxd5 33. a3 e4 34. Qe3
Bg7 35. Qf2 Bb2 36. a4 f5 37. Be3 Qc4 38. Qxb2 Qc7 39. Kg2 1-0

[Event "Used to be U of A op"]
[Site "Edmonton CAN"]
[Date "2003.05.11"]
[Round "4"]
[White "Regimbald, Adrien"]
[Black "Rekhson, Vladislav"]
[Result "1/2-1/2"]
[WhiteElo "1828"]
[BlackElo "1863"]
[PlyCount "26"]
[EventDate "2003.05.10"]
[EventType "swiss"]
[EventRounds "5"]
[EventCountry "CAN"]

1. c4 e5 2. Nc3 Nf6 3. Nf3 Nc6 4. g3 d5 5. cxd5 Nxd5 6. Bg2 Nb6 7. O-O Be7 8.
d4 exd4 9. Nb5 Bf6 10. Bf4 Nd5 11. Bc1 Nb6 12. Bf4 Nd5 13. Bc1 Nb6 1/2-1/2

[Event "Used to be U of A op"]
[Site "Edmonton CAN"]
[Date "2003.05.11"]
[Round "5"]
[White "McIntosh, Danny"]
[Black "Kazakevich, Anastasia"]
[Result "0-1"]
[WhiteElo "1830"]
[BlackElo "1762"]
[PlyCount "76"]
[EventDate "2003.05.10"]
[EventType "swiss"]
[EventRounds "5"]
[EventCountry "CAN"]

1. e4 c6 2. d4 d5 3. e5 Bf5 4. Nc3 e6 5. g4 Bg6 6. Bd3 Bxd3 7. Qxd3 Nd7 8. Nf3
c5 9. dxc5 Bxc5 10. Bd2 Ne7 11. O-O-O Nc6 12. Rde1 a6 13. Bg5 Qc7 14. Nxd5 exd5
15. e6 O-O 16. exd7 Qxd7 17. Bf6 gxf6 18. h4 Rfe8 19. Rd1 Ne5 20. Nxe5 fxe5 21.
g5 e4 22. Qb3 Rad8 23. h5 Be7 24. g6 fxg6 25. hxg6 Bg5+ 26. Kb1 h6 27. Rdg1 Qb5
28. Qh3 d4 29. f3 exf3 30. Qxf3 Qd5 31. Qa3 Re3 32. c3 dxc3 33. Rd1 Qe4+ 34.
Ka1 Rxd1+ 35. Rxd1 cxb2+ 36. Qxb2 Qe5 37. Qxe5 Rxe5 38. Rd7 Re7 0-1

[Event "Used to be U of A op"]
[Site "Edmonton CAN"]
[Date "2003.05.11"]
[Round "5"]
[White "Regimbald, Adrien"]
[Black "Gardner, Robert"]
[Result "0-1"]
[WhiteElo "1828"]
[BlackElo "2254"]
[PlyCount "72"]
[EventDate "2003.05.10"]
[EventType "swiss"]
[EventRounds "5"]
[EventCountry "CAN"]

1. c4 f5 2. Nf3 Nf6 3. d4 g6 4. g3 Bg7 5. Bg2 O-O 6. O-O d6 7. Nc3 Nc6 8. Re1
e5 9. e3 e4 10. Nd2 Ne7 11. b4 c6 12. a4 d5 13. b5 g5 14. cxd5 cxd5 15. f4 gxf4
16. gxf4 Ng4 17. Ba3 Rf7 18. Rc1 Nxe3 19. Rxe3 Bxd4 20. Nf1 Qb6 21. Kh1 Bxe3
22. Nxe3 Qxe3 23. Bxe7 Be6 24. Bd6 d4 25. Ne2 d3 26. Ng3 d2 27. Rb1 Rc8 28. Nf1
Qd3 29. Be5 Qxb1 30. Qxb1 Rc1 31. Qb2 d1=Q 32. Qf2 Bc4 33. Qh4 Bxf1 34. Qg5+
Kf8 35. Qh6+ Ke7 36. Qg5+ Kd7 0-1

[Event "Used to be U of A op"]
[Site "Edmonton CAN"]
[Date "2003.05.11"]
[Round "5"]
[White "Rekhson, Vladislav"]
[Black "Reeve, Jeff"]
[Result "0-1"]
[WhiteElo "1863"]
[BlackElo "2379"]
[PlyCount "80"]
[EventDate "2003.05.10"]
[EventType "swiss"]
[EventRounds "5"]
[EventCountry "CAN"]

1. e4 c5 2. Nc3 Nc6 3. g3 g6 4. Bg2 Bg7 5. d3 d6 6. f4 e6 7. Nf3 Nge7 8. O-O
O-O 9. Rb1 b6 10. a3 Bb7 11. Ne2 d5 12. e5 d4 13. Nd2 f6 14. exf6 Bxf6 15. Ne4
Bg7 16. Ng5 Qd7 17. Bd2 Rae8 18. b4 cxb4 19. axb4 Nd5 20. b5 Nce7 21. Ne4 Nf5
22. Qc1 Nfe3 23. Bxe3 Nxe3 24. Rf2 e5 25. Qa3 Nxg2 26. Kxg2 exf4 27. Nxf4 g5
28. Nh3 Rxe4 29. dxe4 Bxe4+ 30. Kg1 Qxh3 31. Rbf1 Rxf2 32. Rxf2 Qd7 33. Qb3+
Bd5 34. Qd3 g4 35. Rf4 Qe6 36. Kf2 Bf3 37. h3 h5 38. hxg4 hxg4 39. c4 Qh6 40.
c5 Qh2+ 0-1

[Event "Vaitonis mem."]
[Site "Toronto CAN"]
[Date "2003.05.18"]
[Round "2"]
[White "Veltmann, Alfred"]
[Black "Longo, Tyler"]
[Result "1-0"]
[WhiteElo "1706"]
[BlackElo "1392"]
[PlyCount "63"]
[EventDate "2003.05.17"]
[EventType "swiss"]
[EventRounds "5"]
[EventCountry "CAN"]

1. d4 Nf6 2. c4 e6 3. Nf3 Bb4+ 4. Bd2 Bxd2+ 5. Nbxd2 O-O 6. e4 d6 7. Bd3 Nc6 8.
O-O e5 9. d5 Ne7 10. Ng5 h6 11. Ngf3 Bg4 12. Qb3 Rb8 13. h3 Bh5 14. Nh4 Bg6 15.
g4 Qd7 16. Bc2 b5 17. Nf5 Bxf5 18. gxf5 bxc4 19. Qxc4 g6 20. b3 Kh8 21. Kh2
gxf5 22. f4 fxe4 23. fxe5 Nfxd5 24. Qxe4 Ng6 25. Qxd5 Rb5 26. Qf3 Nxe5 27. Qf6+
Kg8 28. Rg1+ Ng6 29. Bxg6 fxg6 30. Rxg6+ Kh7 31. Rxh6+ Kg8 32. Rg1+ 1-0

[Event "Vaitonis mem."]
[Site "Toronto CAN"]
[Date "2003.05.18"]
[Round "3"]
[White "Veltmann, Alfred"]
[Black "Rivas, Edgar"]
[Result "1/2-1/2"]
[WhiteElo "1706"]
[BlackElo "1791"]
[PlyCount "69"]
[EventDate "2003.05.17"]
[EventType "swiss"]
[EventRounds "5"]
[EventCountry "CAN"]

1. e4 c6 2. d4 d5 3. Nc3 dxe4 4. Nxe4 Nd7 5. Nf3 Ngf6 6. Ng3 Nb6 7. h3 e6 8. c4
Bb4+ 9. Bd2 Qe7 10. Bd3 h6 11. Qb3 Bxd2+ 12. Nxd2 O-O 13. O-O Qc7 14. Rad1 Nbd7
15. Nf3 b6 16. Rfe1 Bb7 17. Ne5 c5 18. Nxd7 Nxd7 19. Be4 Bxe4 20. Nxe4 cxd4 21.
Rxd4 Nc5 22. Nxc5 bxc5 23. Rd2 Rad8 24. Rxd8 Rxd8 25. Qc3 Qd6 26. Rc1 Qd2 27.
Qc2 Qxc2 28. Rxc2 Rd1+ 29. Kh2 Kf8 30. Kg3 Ke7 31. Kf3 g6 32. Rc3 Rd2 33. Rb3
Kd6 34. Ke4 f5+ 35. Ke3 1/2-1/2

[Event "Vaitonis mem."]
[Site "Toronto CAN"]
[Date "2003.05.17"]
[Round "?"]
[White "Richardson, Ross"]
[Black "Veltmann, Martin"]
[Result "1-0"]
[WhiteElo "1843"]
[BlackElo "2075"]
[PlyCount "67"]
[EventDate "2003.05.17"]
[EventType "swiss"]
[EventRounds "5"]
[EventCountry "CAN"]

1. d4 Nf6 2. c4 g6 3. Nc3 Bg7 4. e4 O-O 5. Be3 d6 6. f3 Nc6 7. Nge2 a6 8. Qd2
Rb8 9. Nc1 e5 10. Nb3 Re8 11. d5 Ne7 12. g4 Rf8 13. Be2 Bd7 14. c5 Nc8 15. Rd1
dxc5 16. Nxc5 Nd6 17. Bg5 Qe8 18. O-O Kh8 19. h3 Ng8 20. Rde1 Bb5 21. a4 Bxe2
22. Qxe2 Qc8 23. b4 b5 24. a5 f6 25. Be3 Ne7 26. Rc1 Nc4 27. Nd1 Rf7 28. Nb2
Nxe3 29. Qxe3 Ng8 30. Qb3 Bh6 31. Rc2 Bf8 32. d6 cxd6 33. Nxa6 Qxa6 34. Qxf7
1-0

[Event "Vaitonis mem."]
[Site "Toronto CAN"]
[Date "2003.05.29"]
[Round "?"]
[White "Veltmann, Martin"]
[Black "Sviridovitch, Alina"]
[Result "1/2-1/2"]
[WhiteElo "2075"]
[BlackElo "1941"]
[PlyCount "61"]
[EventDate "2003.05.17"]
[EventType "swiss"]
[EventRounds "5"]
[EventCountry "CAN"]

1. c4 Nf6 2. Nc3 c5 3. Nf3 e6 4. g3 b6 5. Bg2 Bb7 6. O-O Be7 7. d4 cxd4 8. Nxd4
Bxg2 9. Kxg2 a6 10. e4 Qc7 11. Be3 O-O 12. Re1 d6 13. Qe2 Nbd7 14. b3 Qb7 15.
f3 Rfe8 16. Red1 Rad8 17. g4 h6 18. Qf2 Ne5 19. g5 hxg5 20. Bxg5 Nfg4 21. Qd2
Bxg5 22. Qxg5 Nf6 23. Rd2 Ng6 24. Rad1 d5 25. Nc2 Qc7 26. exd5 exd5 27. Nxd5
Nxd5 28. cxd5 Nf4+ 29. Kh1 Re5 30. Qg3 Rexd5 31. Rxd5 1/2-1/2